[Event "IV Festival Magistrale"]
[Site "Robecchetto con Induno ITA"]
[Date "1992.12.??"]
[Round "7"]
[White "Marelli, Mauro"]
[Black "Quagliarella, Sabino Remo"]
[WhiteElo "1950"]
[BlackElo "1868"]
[Result "1/2-1/2"]
[PlyCount "124"]
[EventDate "1992.12.26"]

1. d4 Nf6 2. c4 e6 3. Nf3 d5 4. Bg5 Be7 5. e3 Nbd7 6. Nc3 O-O 7. Bd3 dxc4 8.
Bxc4 a6 9. O-O b5 10. Bd3 Bb7 11. a3 c5 12. Qe2 c4 13. Bc2 h6 14. Bh4 Rc8 15.
Rac1 Nd5 16. Bxe7 Nxc3 17. bxc3 Qxe7 18. Ra1 e5 19. Qd1 Rfd8 20. Re1 Qf6 21.
Nd2 Qh4 22. f3 exd4 23. exd4 Nf6 24. Ne4 Bxe4 25. Bxe4 Rd6 26. Qc2 Rcd8 27. Re2
g5 28. g3 Qh5 29. Kg2 g4 30. fxg4 Qxg4 31. Bf3 Qg7 32. Rae1 Kh8 33. Re5 Rg8 34.
Qd2 Qg6 35. R1e2 h5 36. Qf4 Ng4 37. Bxg4 hxg4 38. Rf5 Re6 39. Ree5 Rg7 40. d5
Rxe5 41. Qxe5 f6 42. Qe6 Re7 43. Qxf6+ Qxf6 44. Rxf6 Re2+ 45. Kf1 Rd2 46. Rxa6
Rxd5 47. Ra5 Rd3 48. Rxb5 Rxc3 49. Rh5+ Kg7 50. Rg5+ Kf6 51. Rxg4 Rc2 52. a4 c3
53. Ke1 Rxh2 54. Kd1 Kf5 55. Rc4 Ra2 56. Kc1 Ke5 57. g4 Kd5 58. Rf4 Kc5 59. Kb1
Rg2 60. Re4 Kd5 61. Rb4 Kc5 62. Rf4 Rb2+ 1/2-1/2

[Event "IV Festival Magistrale"]
[Site "Robecchetto con Induno ITA"]
[Date "1992.12.??"]
[Round "7"]
[White "Muraro, Alberto"]
[Black "Bellini, Fabio"]
[WhiteElo "1963"]
[BlackElo "2340"]
[Result "0-1"]
[PlyCount "58"]
[EventDate "1992.12.26"]

1. e4 c5 2. Nf3 e6 3. d4 cxd4 4. Nxd4 Nf6 5. Nc3 d6 6. f4 Nc6 7. Be2 Be7 8. O-O
O-O 9. Be3 e5 10. Nb3 exf4 11. Bxf4 Be6 12. Kh1 d5 13. exd5 Nxd5 14. Nxd5 Bxd5
15. Bf3 Bxf3 16. Qxf3 Qd7 17. Rad1 Qf5 18. Nd4 Nxd4 19. Rxd4 Rad8 20. Rxd8 Rxd8
21. h3 Qxc2 22. Qxb7 Qc4 23. Rf3 Bc5 24. Qb3 Qe2 25. Kh2 Bd4 26. Bg3 Rf8 27.
Bd6 Qe1 28. h4 Qxh4+ 29. Rh3 Qe1 0-1

[Event "IV Festival Magistrale"]
[Site "Robecchetto con Induno ITA"]
[Date "1992.12.??"]
[Round "7"]
[White "Piotti, Andrea"]
[Black "Larghi, Riccardo"]
[WhiteElo "1908"]
[BlackElo "1986"]
[Result "1-0"]
[PlyCount "65"]
[EventDate "1992.12.26"]

1. d4 Nf6 2. Nf3 e6 3. c4 c5 4. Nc3 b6 5. e4 cxd4 6. Nxd4 d6 7. Bg5 h6 8. Bh4
a6 9. Bd3 Bb7 10. O-O Be7 11. Rc1 Nbd7 12. Qe2 Nc5 13. Bb1 Nfxe4 14. Bxe7 Nxc3
15. Rxc3 Qxe7 16. Re1 O-O-O 17. b4 Qf6 18. Qe3 Nd7 19. Be4 Nb8 20. Bxb7+ Kxb7
21. Qe4+ d5 22. cxd5 Rxd5 23. Ne2 g5 24. Rec1 Qd8 25. h3 Nd7 26. R3c2 Kb8 27.
Qc4 Kb7 28. Qc6+ Kb8 29. Nc3 Ne5 30. Qa4 Nd3 31. Nxd5 Nxc1 32. Qxa6 Nxa2 33.
Rc7 1-0

[Event "IV Festival Magistrale"]
[Site "Robecchetto con Induno ITA"]
[Date "1992.12.??"]
[Round "8"]
[White "Barlocco, Carlo"]
[Black "Bellini, Fabio"]
[WhiteElo "2340"]
[BlackElo "2340"]
[Result "1/2-1/2"]
[PlyCount "22"]
[EventDate "1992.12.26"]

1. d4 d5 2. e3 Nf6 3. c4 e6 4. Nc3 Be7 5. Nf3 b6 6. cxd5 exd5 7. Be2 O-O 8. O-O
Bb7 9. Ne5 Nbd7 10. Nxd7 Qxd7 11. Bf3 Ne4 1/2-1/2

[Event "IV Festival Magistrale"]
[Site "Robecchetto con Induno ITA"]
[Date "1992.12.??"]
[Round "8"]
[White "Iudicello, Marco"]
[Black "Marelli, Mauro"]
[WhiteElo "1995"]
[BlackElo "1950"]
[Result "0-1"]
[PlyCount "114"]
[EventDate "1992.12.26"]

1. e4 g6 2. Nc3 Bg7 3. d3 d6 4. Be3 c5 5. g3 Nc6 6. Bg2 Nf6 7. h3 Bd7 8. Qd2 h6
9. Nce2 e5 10. c3 Qc7 11. f4 b6 12. Nf3 Bc8 13. O-O Bb7 14. Rf2 c4 15. Raf1
cxd3 16. Qxd3 O-O 17. fxe5 dxe5 18. Nh4 Qd7 19. Qc2 Nh7 20. Qc1 h5 21. Bh6 Qe7
22. Bf3 Bxh6 23. Qxh6 Qg5 24. Qxg5 Nxg5 25. Kh2 Ne7 26. Ng1 Kg7 27. Ng2 f6 28.
Re1 Rad8 29. h4 Nxf3+ 30. Nxf3 Rd6 31. Ref1 Bxe4 32. Nxe5 Bxg2 33. Kxg2 Nf5 34.
Nxg6 Ne3+ 35. Kf3 Nxf1 36. Nxf8 Nd2+ 37. Kf4 Kxf8 38. b3 Rd3 39. c4 Kf7 40. g4
hxg4 41. Kxg4 Rd4+ 42. Kh3 Ne4 43. Rf3 Kg6 44. a3 a5 45. Re3 Nc5 46. Rg3+ Kh5
47. b4 Rxh4+ 48. Kg2 Rxc4 49. bxc5 Rxc5 50. Rb3 b5 51. Kf3 Kg5 52. Ke4 Kg4 53.
Rb1 f5+ 54. Kd4 Rc4+ 55. Ke5 Re4+ 56. Kd5 Ra4 57. Kc5 Rxa3 0-1

[Event "IV Festival Magistrale"]
[Site "Robecchetto con Induno ITA"]
[Date "1992.12.??"]
[Round "8"]
[White "Muraro, Alberto"]
[Black "Piotti, Andrea"]
[WhiteElo "1963"]
[BlackElo "1908"]
[Result "1-0"]
[PlyCount "93"]
[EventDate "1992.12.26"]

1. e4 e5 2. Nf3 Nf6 3. Nxe5 d6 4. Nf3 Nxe4 5. d4 d5 6. Bd3 Be7 7. O-O Nc6 8. c4
Bg4 9. Nc3 Nxc3 10. bxc3 dxc4 11. Bxc4 O-O 12. Re1 Bd6 13. h3 Bf5 14. g4 Bg6
15. Bg5 Qd7 16. Nh4 Na5 17. Nxg6 hxg6 18. Bd3 Rfe8 19. Qf3 c6 20. Bf4 Rad8 21.
Qg3 Bxf4 22. Qxf4 c5 23. Qg5 b6 24. Rxe8+ Rxe8 25. Rd1 Qa4 26. Rd2 cxd4 27. Bb5
Re1+ 28. Kg2 Qa3 29. Rxd4 Qe7 30. Rd8+ Kh7 31. Qxe7 Rxe7 32. Rc8 Nb7 33. Bc6
Nd6 34. Rd8 Ne4 35. c4 Nc3 36. a3 Rc7 37. Bd5 Nb1 38. a4 Nc3 39. Rf8 f6 40. a5
bxa5 41. Bg8+ Kh6 42. h4 g5 43. h5 f5 44. Bf7 g6 45. Bxg6 Rxc4 46. Rf7 Rxg4+
47. Kf1 1-0

[Event "IV Festival Magistrale"]
[Site "Robecchetto con Induno ITA"]
[Date "1992.12.??"]
[Round "8"]
[White "Quagliarella, Sabino Remo"]
[Black "Larghi, Riccardo"]
[WhiteElo "1868"]
[BlackElo "1986"]
[Result "1/2-1/2"]
[PlyCount "170"]
[EventDate "1992.12.26"]

1. e4 e5 2. Nf3 Nc6 3. Bb5 a6 4. Ba4 Nf6 5. O-O Be7 6. Re1 b5 7. Bb3 O-O 8. c3
d6 9. h3 Nb8 10. d4 Nbd7 11. Nbd2 Bb7 12. Bc2 Re8 13. Nf1 Bf8 14. Ng3 g6 15.
Bd3 c5 16. d5 Bg7 17. c4 bxc4 18. Bxc4 Qc7 19. Bd2 Reb8 20. Bc3 Bc8 21. Qd2 Nb6
22. Bb3 Bd7 23. a4 Qd8 24. a5 Nc8 25. Bc4 Bb5 26. Qd3 Ne8 27. b4 Bxc4 28. Qxc4
Rb5 29. bxc5 Rxc5 30. Qd3 Rb5 31. Rab1 Rab8 32. Rxb5 Rxb5 33. Rc1 Na7 34. Bd2
Qb8 35. Qc4 Bf6 36. Qa4 Bd8 37. Kh2 Nf6 38. Rc4 Bc7 39. Bb4 Qd8 40. Qa3 Ne8 41.
Qe3 Rb7 42. h4 Bxa5 43. Bxa5 Qxa5 44. Qg5 f6 45. Qg4 Qd8 46. h5 Qd7 47. Qxd7
Rxd7 48. hxg6 hxg6 49. Ra4 Nc7 50. Nd2 Kf8 51. Ne2 Nab5 52. Nb3 Rh7+ 53. Kg3
Rh1 54. Na5 Rd1 55. Nc6 f5 56. exf5 gxf5 57. f3 Rd2 58. Ng1 Rxd5 59. Nb8 Rd1
60. Nh3 d5 61. Nd7+ Ke7 62. Nxe5 Ke6 63. Nc6 d4 64. Nf4+ Kd6 65. Nb4 Nc3 66.
Ra5 Rb1 67. Nxa6 N7d5 68. Nxd5 Nxd5 69. Ra4 Rb6 70. Rxd4 Rxa6 71. f4 Kc5 72.
Rd3 Rg6+ 73. Kf3 Nf6 74. g3 Ne4 75. Kg2 Kc4 76. Ra3 Kd5 77. Ra5+ Ke6 78. Ra6+
Kf7 79. Ra7+ Kf6 80. Ra6+ Kg7 81. Ra7+ Kh6 82. Kf3 Kh5 83. g4+ fxg4+ 84. Kxe4
g3 85. Kf3 g2 1/2-1/2